[Event "Masters Tournament (MTO)"]
[Site "Biel, CH"]
[Date "2025.07.15"]
[Round "2"]
[White "Schultze, Joerg-Martin, Dr."]
[Black "Schlegel, Igor"]
[Result "0-1"]
[Board "20"]
[WhiteFideId "12972070"]
[BlackFideId "1334956"]
[BlackTitle "FM"]
[WhiteElo "1865"]
[BlackElo "2275"]
[WhiteTeam "GER"]
[BlackTeam "SUI"]
[WhiteClock "0:23:50"]
[BlackClock "0:40:42"]
[Variant "Standard"]

1. d4 {[%clk 1:40:54]}  d5 {[%clk 1:40:56]} 2. c4 {[%clk 1:41:14]}  e6 {[%clk 1:41:21]} 3. Nc3 {[%clk 1:41:21]}  Nf6 {[%clk 1:41:37]} 4. cxd5 {[%clk 1:41:04]}  exd5 {[%clk 1:42:01]} 5. Bg5 {[%clk 1:40:54]}  Be7 {[%clk 1:42:24]} 6. e3 {[%clk 1:39:47]}  O-O {[%clk 1:42:35]} 7. Bd3 {[%clk 1:39:05]}  Re8 {[%clk 1:42:34]} 8. Nge2 {[%clk 1:38:32]}  c6 {[%clk 1:41:04]} 9. O-O {[%clk 1:37:13]}  Nbd7 {[%clk 1:40:56]} 10. Qc2 {[%clk 1:35:25]}  Nf8 {[%clk 1:40:18]} 11. Rae1 {[%clk 1:28:18]}  g6 {[%clk 1:22:24]} 12. f3 {[%clk 1:23:27]}  Ne6 {[%clk 1:22:18]} 13. Bh4 {[%clk 1:10:24]}  b5 {[%clk 1:17:57]} 14. Kh1 {[%clk 0:52:01]}  Bb7 {[%clk 0:52:42]} 15. Bf2 {[%clk 0:34:40]}  a6 {[%clk 0:55:33]} 16. e4 {[%clk 0:21:48]}  c5 {[%clk 0:47:31]} 17. exd5 {[%clk 0:16:01]}  Nxd4 {[%clk 0:42:14]} 18. Nxd4 {[%clk 0:21:52]}  cxd4 {[%clk 0:42:40]} 19. Bxd4 {[%clk 0:20:10]}  Nxd5 {[%clk 0:43:00]} 20. Nxd5 {[%clk 0:18:08]}  Bxd5 {[%clk 0:39:41]} 21. Be4 {[%clk 0:12:33]}  Rc8 {[%clk 0:40:08]} 22. Qf2 {[%clk 0:11:25]}  Bxa2 {[%clk 0:32:10]} 23. Ra1 {[%clk 0:13:26]}  Bc4 {[%clk 0:32:13]} 24. Rfc1 {[%clk 0:12:29]}  Bg5 {[%clk 0:26:00]} 25. Rd1 {[%clk 0:09:46]}  Bb3 {[%clk 0:25:48]} 26. Re1 {[%clk 0:07:25]}  Bh4 {[%clk 0:22:29]} 27. g3 {[%clk 0:10:02]}  Bf6 {[%clk 0:20:28]} 28. Be3 {[%clk 0:09:00]}  Re6 {[%clk 0:17:37]} 29. Rec1 {[%clk 0:07:20]}  Rxc1+ {[%clk 0:20:00]} 30. Rxc1 {[%clk 0:07:45]}  Kg7 {[%clk 0:17:36]} 31. Qd2 {[%clk 0:07:03]}  Qxd2 {[%clk 0:16:47]} 32. Bxd2 {[%clk 0:06:44]}  Rd6 {[%clk 0:13:34]} 33. Bb4 {[%clk 0:06:05]}  Rd4 {[%clk 0:04:51]} 34. Bc3 {[%clk 0:02:37]}  Rd1+ {[%clk 0:09:49]} 35. Rxd1 {[%clk 0:03:02]}  Bxd1 {[%clk 0:10:14]} 36. Bxf6+ {[%clk 0:02:08]}  Kxf6 {[%clk 0:10:43]} 37. Kg2 {[%clk 0:02:30]}  Ke5 {[%clk 0:10:54]} 38. Kf2 {[%clk 0:02:46]}  Kd4 {[%clk 0:11:17]} 39. Ke1 {[%clk 0:03:04]}  Bb3 {[%clk 0:11:43]} 40. Kd2 {[%clk 0:03:23]}  Bd5 {[%clk 0:10:20]} 41. Bxd5 {[%clk 0:28:20]}  Kxd5 {[%clk 0:42:25]} 42. Kc3 {[%clk 0:28:34]}  a5 {[%clk 0:38:23]} 43. h4 {[%clk 0:24:17]}  f5 {[%clk 0:42:26]} 44. Kd3 {[%clk 0:23:33]}  a4 {[%clk 0:42:42]} 45. Kc3 {[%clk 0:23:50]}  Ke5 {[%clk 0:40:42]} 0-1

[Event "Masters Tournament (MTO)"]
[Site "Biel, CH"]
[Date "2025.07.15"]
[Round "2"]
[White "Vincenti, Leonardo"]
[Black "Gafner, Lancelot"]
[Result "1-0"]
[Board "21"]
[WhiteFideId "28550820"]
[BlackFideId "1345818"]
[WhiteTitle "CM"]
[WhiteElo "2265"]
[BlackElo "1901"]
[WhiteTeam "ITA"]
[BlackTeam "SUI"]
[WhiteClock "0:15:56"]
[BlackClock "1:04:54"]
[Variant "Standard"]

1. e4 {[%clk 1:40:59]}  e5 {[%clk 1:40:45]} 2. Nf3 {[%clk 1:41:23]}  Nc6 {[%clk 1:40:31]} 3. Bb5 {[%clk 1:41:46]}  a6 {[%clk 1:40:41]} 4. Ba4 {[%clk 1:42:05]}  Nf6 {[%clk 1:40:48]} 5. O-O {[%clk 1:42:15]}  Be7 {[%clk 1:41:12]} 6. d3 {[%clk 1:42:41]}  b5 {[%clk 1:41:15]} 7. Bb3 {[%clk 1:43:08]}  d6 {[%clk 1:40:49]} 8. Bd2 {[%clk 1:43:32]}  O-O {[%clk 1:40:35]} 9. h3 {[%clk 1:43:58]}  Bb7 {[%clk 1:40:02]} 10. a4 {[%clk 1:37:18]}  Re8 {[%clk 1:29:38]} 11. axb5 {[%clk 1:23:06]}  axb5 {[%clk 1:29:58]} 12. Rxa8 {[%clk 1:23:07]}  Bxa8 {[%clk 1:29:28]} 13. Na3 {[%clk 1:20:13]}  d5 {[%clk 1:27:56]} 14. exd5 {[%clk 0:53:43]}  Bxa3 {[%clk 1:27:48]} 15. dxc6 {[%clk 0:54:11]}  Bxb2 {[%clk 1:27:29]} 16. Ng5 {[%clk 0:46:07]}  Rf8 {[%clk 1:15:57]} 17. Bb4 {[%clk 0:42:57]}  h6 {[%clk 1:15:01]} 18. Bxf8 {[%clk 0:43:09]}  hxg5 {[%clk 1:15:26]} 19. Bb4 {[%clk 0:42:28]}  Bxc6 {[%clk 1:15:12]} 20. c3 {[%clk 0:39:11]}  Nd5 {[%clk 1:14:45]} 21. Bxd5 {[%clk 0:33:34]}  Qxd5 {[%clk 1:11:28]} 22. Qf3 {[%clk 0:32:09]}  Qe6 {[%clk 1:09:49]} 23. Qg4 {[%clk 0:27:56]}  Qd5 {[%clk 1:06:37]} 24. Qxg5 {[%clk 0:26:41]}  f6 {[%clk 1:06:59]} 25. Qg3 {[%clk 0:26:11]}  Qb3 {[%clk 1:07:01]} 26. Qe3 {[%clk 0:25:21]}  Qd5 {[%clk 1:06:19]} 27. f3 {[%clk 0:24:41]}  Qb3 {[%clk 1:06:24]} 28. Qc5 {[%clk 0:24:01]}  Qe6 {[%clk 1:05:01]} 29. Qf2 {[%clk 0:20:07]}  Qb3 {[%clk 1:03:48]} 30. Rb1 {[%clk 0:19:32]}  Qxb4 {[%clk 1:04:12]} 31. cxb4 {[%clk 0:19:54]}  Bd4 {[%clk 1:04:40]} 32. Rc1 {[%clk 0:17:02]}  Bxf2+ {[%clk 1:03:41]} 33. Kxf2 {[%clk 0:17:31]}  Be8 {[%clk 1:03:20]} 34. Rxc7 {[%clk 0:17:59]}  Kh7 {[%clk 1:03:44]} 35. Ke3 {[%clk 0:18:04]}  Kh6 {[%clk 1:04:00]} 36. f4 {[%clk 0:17:42]}  exf4+ {[%clk 1:04:01]} 37. Kxf4 {[%clk 0:18:10]}  g5+ {[%clk 1:03:56]} 38. Ke3 {[%clk 0:17:40]}  Kg6 {[%clk 1:04:05]} 39. d4 {[%clk 0:17:32]}  f5 {[%clk 1:04:25]} 40. d5 {[%clk 0:17:08]}  Kf6 {[%clk 1:04:44]} 41. Kd4 {[%clk 0:15:39]}  f4 {[%clk 1:04:59]} 42. d6 {[%clk 0:16:05]}  g4 {[%clk 1:04:54]} 43. hxg4 {[%clk 0:15:56]} 1-0

[Event "Masters Tournament (MTO)"]
[Site "Biel, CH"]
[Date "2025.07.15"]
[Round "2"]
[White "Yang, Ray"]
[Black "Pranesh M"]
[Result "0-1"]
[Board "22"]
[WhiteFideId "3220281"]
[BlackFideId "35028600"]
[WhiteTitle "FM"]
[BlackTitle "GM"]
[WhiteElo "2081"]
[BlackElo "2592"]
[WhiteTeam "AUS"]
[BlackTeam "IND"]
[WhiteClock "0:04:55"]
[BlackClock "0:16:08"]
[Variant "Standard"]

1. e4 {[%clk 1:34:31]}  c5 {[%clk 1:40:52]} 2. Nc3 {[%clk 1:34:52]}  Nc6 {[%clk 1:41:09]} 3. Bb5 {[%clk 1:35:13]}  Nd4 {[%clk 1:41:19]} 4. Nf3 {[%clk 1:35:33]}  a6 {[%clk 1:41:30]} 5. Bd3 {[%clk 1:35:31]}  Nc6 {[%clk 1:41:33]} 6. O-O {[%clk 1:35:32]}  e6 {[%clk 1:41:53]} 7. Nd5 {[%clk 1:35:04]}  g6 {[%clk 1:39:15]} 8. c3 {[%clk 1:33:43]}  Bg7 {[%clk 1:38:52]} 9. Re1 {[%clk 1:33:30]}  d6 {[%clk 1:32:23]} 10. Ne3 {[%clk 1:33:33]}  Nge7 {[%clk 1:31:48]} 11. Bf1 {[%clk 1:32:17]}  e5 {[%clk 1:30:51]} 12. a4 {[%clk 1:31:20]}  O-O {[%clk 1:19:31]} 13. Bc4 {[%clk 1:30:37]}  h6 {[%clk 1:09:07]} 14. Rb1 {[%clk 1:21:45]}  Kh7 {[%clk 1:12:17]} 15. b4 {[%clk 1:16:38]}  cxb4 {[%clk 1:09:14]} 16. cxb4 {[%clk 1:16:59]}  f5 {[%clk 1:08:51]} 17. d3 {[%clk 1:00:30]}  f4 {[%clk 1:07:53]} 18. Nc2 {[%clk 0:58:30]}  g5 {[%clk 1:05:36]} 19. h3 {[%clk 0:55:36]}  Ng6 {[%clk 1:01:54]} 20. Nh2 {[%clk 0:52:39]}  Nh4 {[%clk 0:57:31]} 21. b5 {[%clk 0:51:23]}  axb5 {[%clk 0:57:07]} 22. axb5 {[%clk 0:51:44]}  Nb8 {[%clk 0:47:01]} 23. d4 {[%clk 0:50:56]}  Nd7 {[%clk 0:42:17]} 24. Ba3 {[%clk 0:44:39]}  Nb6 {[%clk 0:36:50]} 25. Bf1 {[%clk 0:42:56]}  Be6 {[%clk 0:33:49]} 26. d5 {[%clk 0:42:26]}  Bc8 {[%clk 0:32:54]} 27. Bb4 {[%clk 0:41:17]}  Qf6 {[%clk 0:31:39]} 28. Rb3 {[%clk 0:38:32]}  Bd7 {[%clk 0:29:23]} 29. Be2 {[%clk 0:35:33]}  Rfc8 {[%clk 0:22:01]} 30. Na3 {[%clk 0:35:27]}  Bf8 {[%clk 0:19:27]} 31. Qd2 {[%clk 0:31:13]}  Be7 {[%clk 0:18:31]} 32. Rc1 {[%clk 0:31:14]}  Bd8 {[%clk 0:15:47]} 33. Rxc8 {[%clk 0:29:15]}  Rxc8 {[%clk 0:17:59]} 34. Rc3 {[%clk 0:29:34]}  Ra8 {[%clk 0:17:06]} 35. Nc2 {[%clk 0:22:57]}  Qf8 {[%clk 0:14:28]} 36. Ra3 {[%clk 0:19:12]}  Bc7 {[%clk 0:11:12]} 37. Rxa8 {[%clk 0:17:01]}  Qxa8 {[%clk 0:10:47]} 38. Qc3 {[%clk 0:17:16]}  Qd8 {[%clk 0:09:16]} 39. Ng4 {[%clk 0:15:00]}  Bb8 {[%clk 0:07:06]} 40. Ba5 {[%clk 0:13:31]}  Ba7 {[%clk 0:03:15]} 41. Na3 {[%clk 0:04:49]}  h5 {[%clk 0:20:33]} 42. Nh2 {[%clk 0:35:10]}  Na4 {[%clk 0:16:59]} 43. Qb4 {[%clk 0:18:00]}  b6 {[%clk 0:17:08]} 44. Qxa4 {[%clk 0:15:52]}  bxa5 {[%clk 0:17:34]} 45. Nc4 {[%clk 0:15:56]}  Qb8 {[%clk 0:17:54]} 46. Bxh5 {[%clk 0:11:16]}  Bxb5 {[%clk 0:18:03]} 47. Qa2 {[%clk 0:09:02]}  a4 {[%clk 0:17:07]} 48. Ng4 {[%clk 0:07:07]}  Qc7 {[%clk 0:15:07]} 49. Ncxe5 {[%clk 0:06:02]}  Qc1+ {[%clk 0:14:28]} 50. Kh2 {[%clk 0:06:27]}  Qf1 {[%clk 0:14:56]} 51. Nf6+ {[%clk 0:06:34]}  Kg7 {[%clk 0:14:28]} 52. Bf3 {[%clk 0:05:19]}  Bxf2 {[%clk 0:14:24]} 53. Nh5+ {[%clk 0:05:10]}  Kh7 {[%clk 0:14:45]} 54. Nf6+ {[%clk 0:05:19]}  Kg7 {[%clk 0:15:06]} 55. Nh5+ {[%clk 0:05:38]}  Kf8 {[%clk 0:15:24]} 56. Nd7+ {[%clk 0:04:29]}  Bxd7 {[%clk 0:15:43]} 57. Qb2 {[%clk 0:04:55]}  Qg1# {[%clk 0:16:08]} 0-1

[Event "Masters Tournament (MTO)"]
[Site "Biel, CH"]
[Date "2025.07.15"]
[Round "2"]
[White "Monteverde, Jonathan"]
[Black "Baenziger, Fabian"]
[Result "0-1"]
[Board "23"]
[WhiteFideId "1314580"]
[BlackFideId "1330110"]
[BlackTitle "IM"]
[WhiteElo "2127"]
[BlackElo "2450"]
[WhiteTeam "SUI"]
[BlackTeam "SUI"]
[WhiteClock "0:00:36"]
[BlackClock "0:04:54"]
[Variant "Standard"]

1. d4 {[%clk 1:40:57]}  Nf6 {[%clk 1:40:36]} 2. c4 {[%clk 1:41:19]}  e6 {[%clk 1:40:50]} 3. Nc3 {[%clk 1:41:41]}  d5 {[%clk 1:40:56]} 4. cxd5 {[%clk 1:42:05]}  exd5 {[%clk 1:41:20]} 5. Bg5 {[%clk 1:42:29]}  c6 {[%clk 1:41:25]} 6. e3 {[%clk 1:42:52]}  h6 {[%clk 1:41:39]} 7. Bh4 {[%clk 1:43:15]}  Be7 {[%clk 1:41:39]} 8. Bd3 {[%clk 1:43:36]}  O-O {[%clk 1:42:01]} 9. Nge2 {[%clk 1:42:40]}  Re8 {[%clk 1:41:47]} 10. O-O {[%clk 1:41:12]}  a5 {[%clk 1:41:32]} 11. f3 {[%clk 1:34:53]}  Na6 {[%clk 1:33:59]} 12. Bf2 {[%clk 1:35:36]}  Nc7 {[%clk 1:17:47]} 13. Kh1 {[%clk 1:34:31]}  c5 {[%clk 1:12:40]} 14. dxc5 {[%clk 1:31:42]}  Bxc5 {[%clk 1:12:51]} 15. Nd4 {[%clk 1:31:57]}  Bd7 {[%clk 1:12:52]} 16. Qd2 {[%clk 1:24:25]}  Ne6 {[%clk 1:05:15]} 17. Bc2 {[%clk 1:10:40]}  Rc8 {[%clk 0:56:15]} 18. Qd3 {[%clk 0:59:04]}  Nf8 {[%clk 0:36:35]} 19. Bb3 {[%clk 0:53:33]}  Bc6 {[%clk 0:36:59]} 20. Rac1 {[%clk 0:51:01]}  N8d7 {[%clk 0:35:47]} 21. Na4 {[%clk 0:36:02]}  Bd6 {[%clk 0:34:06]} 22. a3 {[%clk 0:28:47]}  Ne5 {[%clk 0:28:45]} 23. Qe2 {[%clk 0:24:41]}  Bd7 {[%clk 0:24:40]} 24. Rc3 {[%clk 0:13:38]}  Nc4 {[%clk 0:19:01]} 25. Bxc4 {[%clk 0:13:45]}  Bxa4 {[%clk 0:18:18]} 26. Bb5 {[%clk 0:11:28]}  Rxc3 {[%clk 0:14:35]} 27. Bxe8 {[%clk 0:10:38]}  Rc4 {[%clk 0:15:03]} 28. Bxa4 {[%clk 0:10:15]}  Rxa4 {[%clk 0:15:30]} 29. Qb5 {[%clk 0:08:14]}  Rc4 {[%clk 0:15:47]} 30. Qxb7 {[%clk 0:07:57]}  a4 {[%clk 0:14:59]} 31. Bh4 {[%clk 0:05:11]}  Qd7 {[%clk 0:11:43]} 32. Qxd7 {[%clk 0:03:49]}  Nxd7 {[%clk 0:12:12]} 33. g4 {[%clk 0:03:20]}  Bc5 {[%clk 0:09:38]} 34. Rd1 {[%clk 0:03:24]}  Ne5 {[%clk 0:09:23]} 35. Kg2 {[%clk 0:02:01]}  Bxd4 {[%clk 0:09:11]} 36. Rxd4 {[%clk 0:02:55]}  Rc2+ {[%clk 0:01:50]} 37. Bf2 {[%clk 0:03:18]}  Nc4 {[%clk 0:01:49]} 38. Kg3 {[%clk 0:02:46]}  Nd2 {[%clk 0:01:40]} 39. Be1 {[%clk 0:02:08]}  Nf1+ {[%clk 0:02:02]} 40. Kf4 {[%clk 0:02:25]}  g5+ {[%clk 0:01:48]} 41. Ke5 {[%clk 0:28:27]}  Nxh2 {[%clk 0:30:54]} 42. Kxd5 {[%clk 0:11:51]}  Nxf3 {[%clk 0:31:13]} 43. Rxa4 {[%clk 0:12:07]}  Nxe1 {[%clk 0:31:10]} 44. Ra8+ {[%clk 0:12:23]}  Kg7 {[%clk 0:31:27]} 45. b4 {[%clk 0:12:35]}  Rb2 {[%clk 0:17:27]} 46. Kc6 {[%clk 0:09:49]}  Nd3 {[%clk 0:11:30]} 47. b5 {[%clk 0:09:57]}  Ne5+ {[%clk 0:12:00]} 48. Kc5 {[%clk 0:10:14]}  h5 {[%clk 0:12:27]} 49. gxh5 {[%clk 0:10:23]}  g4 {[%clk 0:12:56]} 50. Rd8 {[%clk 0:01:28]}  Rc2+ {[%clk 0:08:14]} 51. Kb6 {[%clk 0:03:56]}  Ra2 {[%clk 0:05:50]} 52. Rd5 {[%clk 0:01:37]}  f6 {[%clk 0:07:24]} 53. Kc7 {[%clk 0:01:49]}  Rxa3 {[%clk 0:06:48]} 54. b6 {[%clk 0:02:14]}  Rc3+ {[%clk 0:07:10]} 55. Kb8 {[%clk 0:01:47]}  g3 {[%clk 0:06:04]} 56. Rd1 {[%clk 0:02:11]}  Nf3 {[%clk 0:04:59]} 57. h6+ {[%clk 0:00:38]}  Kh7 {[%clk 0:03:49]} 58. b7 {[%clk 0:00:36]}  g2 {[%clk 0:04:07]} 59. Ka7 {[%clk 0:00:36]}  Ra3+ {[%clk 0:04:28]} 60. Kb6 {[%clk 0:00:36]}  Rb3+ {[%clk 0:04:54]} 0-1

[Event "Masters Tournament (MTO)"]
[Site "Biel, CH"]
[Date "2025.07.15"]
[Round "2"]
[White "Gruenfeld, Yehuda"]
[Black "Guretchii, Kirill"]
[Result "0-1"]
[Board "24"]
[WhiteFideId "2800020"]
[BlackFideId "13911872"]
[WhiteTitle "GM"]
[WhiteElo "2367"]
[BlackElo "2029"]
[WhiteTeam "ISR"]
[BlackTeam "MDA"]
[WhiteClock "0:36:21"]
[BlackClock "0:14:27"]
[Variant "Standard"]

1. e4 {[%clk 1:40:57]}  e5 {[%clk 1:40:53]} 2. Nf3 {[%clk 1:41:06]}  Nc6 {[%clk 1:41:15]} 3. Bb5 {[%clk 1:41:25]}  Nf6 {[%clk 1:41:37]} 4. O-O {[%clk 1:41:41]}  Nxe4 {[%clk 1:41:59]} 5. d4 {[%clk 1:42:02]}  Nd6 {[%clk 1:42:22]} 6. Bxc6 {[%clk 1:42:17]}  dxc6 {[%clk 1:42:44]} 7. dxe5 {[%clk 1:42:41]}  Nf5 {[%clk 1:43:09]} 8. Qxd8+ {[%clk 1:43:01]}  Kxd8 {[%clk 1:43:37]} 9. Nc3 {[%clk 1:43:04]}  Ke8 {[%clk 1:43:58]} 10. h3 {[%clk 1:42:13]}  h5 {[%clk 1:44:19]} 11. b3 {[%clk 1:42:21]}  b6 {[%clk 1:43:42]} 12. Bb2 {[%clk 1:42:32]}  Bb7 {[%clk 1:43:21]} 13. Rad1 {[%clk 1:41:50]}  Be7 {[%clk 1:43:16]} 14. Rfe1 {[%clk 1:40:12]}  Rd8 {[%clk 1:41:02]} 15. Rxd8+ {[%clk 1:34:42]}  Kxd8 {[%clk 1:36:32]} 16. Ne4 {[%clk 1:36:23]}  c5 {[%clk 1:31:38]} 17. c4 {[%clk 1:33:09]}  Rh6 {[%clk 0:56:54]} 18. Kf1 {[%clk 1:19:15]}  Rg6 {[%clk 0:44:37]} 19. Rd1+ {[%clk 0:54:09]}  Ke8 {[%clk 1:05:47]} 20. Nc3 {[%clk 0:54:19]}  Nd4 {[%clk 0:59:24]} 21. Nd5 {[%clk 0:53:57]}  Nxf3 {[%clk 0:58:15]} 22. gxf3 {[%clk 0:54:19]}  Bd8 {[%clk 0:54:15]} 23. Ke2 {[%clk 0:52:50]}  Bc8 {[%clk 0:47:29]} 24. h4 {[%clk 0:41:54]}  a5 {[%clk 0:39:42]} 25. Rh1 {[%clk 0:31:23]}  Bd7 {[%clk 0:33:24]} 26. Nf4 {[%clk 0:29:33]}  Rh6 {[%clk 0:26:32]} 27. Bc1 {[%clk 0:27:59]}  Rh7 {[%clk 0:26:08]} 28. Nd5 {[%clk 0:26:30]}  a4 {[%clk 0:25:17]} 29. Bf4 {[%clk 0:19:13]}  axb3 {[%clk 0:24:17]} 30. axb3 {[%clk 0:19:01]}  Be6 {[%clk 0:24:18]} 31. Nc3 {[%clk 0:19:29]}  Kd7 {[%clk 0:22:47]} 32. Ne4 {[%clk 0:15:57]}  Rh8 {[%clk 0:19:03]} 33. Rd1+ {[%clk 0:16:19]}  Kc6 {[%clk 0:18:04]} 34. Bg5 {[%clk 0:16:44]}  Bxg5 {[%clk 0:17:51]} 35. Nxg5 {[%clk 0:17:09]}  Re8 {[%clk 0:13:50]} 36. f4 {[%clk 0:13:30]}  Bg4+ {[%clk 0:08:17]} 37. f3 {[%clk 0:13:54]}  Be6 {[%clk 0:07:41]} 38. Rg1 {[%clk 0:13:22]}  g6 {[%clk 0:06:48]} 39. Ke3 {[%clk 0:12:08]}  Re7 {[%clk 0:00:45]} 40. Rd1 {[%clk 0:09:25]}  Bf5 {[%clk 0:03:16]} 41. Ne4 {[%clk 0:08:23]}  Re8 {[%clk 0:01:44]} 42. Nf6 {[%clk 0:04:36]}  Ra8 {[%clk 0:30:15]} 43. Nd5 {[%clk 0:35:00]}  Bc2 {[%clk 0:24:38]} 44. Ne7+ {[%clk 0:35:26]}  Kb7 {[%clk 0:25:04]} 45. Rd7 {[%clk 0:35:49]}  Bxb3 {[%clk 0:25:00]} 46. Nd5 {[%clk 0:36:15]}  Bxc4 {[%clk 0:25:06]} 47. Rxc7+ {[%clk 0:36:08]}  Kb8 {[%clk 0:25:13]} 48. Rd7 {[%clk 0:36:23]}  Ra3+ {[%clk 0:24:42]} 49. Kf2 {[%clk 0:36:47]}  Ra2+ {[%clk 0:22:59]} 50. Kg3 {[%clk 0:35:53]}  Bxd5 {[%clk 0:23:09]} 51. Rxd5 {[%clk 0:36:22]}  Ra7 {[%clk 0:20:02]} 52. f5 {[%clk 0:35:42]}  gxf5 {[%clk 0:17:55]} 53. Kf4 {[%clk 0:36:08]}  Rc7 {[%clk 0:16:22]} 54. Ke3 {[%clk 0:35:01]}  Kc8 {[%clk 0:13:48]} 55. Rd6 {[%clk 0:33:25]}  c4 {[%clk 0:12:41]} 56. Rxb6 {[%clk 0:34:44]}  c3 {[%clk 0:12:46]} 57. Rb1 {[%clk 0:35:10]}  c2 {[%clk 0:13:03]} 58. Rc1 {[%clk 0:35:33]}  Kd7 {[%clk 0:13:22]} 59. Kd3 {[%clk 0:34:29]}  Ke6 {[%clk 0:13:31]} 60. Rxc2 {[%clk 0:34:48]}  Rxc2 {[%clk 0:13:53]} 61. Kxc2 {[%clk 0:35:13]}  Kxe5 {[%clk 0:14:19]} 62. Kd3 {[%clk 0:35:39]}  Kf4 {[%clk 0:14:42]} 63. Ke2 {[%clk 0:35:59]}  Kg3 {[%clk 0:15:01]} 64. Ke3 {[%clk 0:36:21]}  f6 {[%clk 0:14:27]} 0-1

[Event "Masters Tournament (MTO)"]
[Site "Biel, CH"]
[Date "2025.07.15"]
[Round "2"]
[White "Federer, Colin"]
[Black "Stevens, Christian"]
[Result "1-0"]
[Board "25"]
[WhiteFideId "1345117"]
[BlackFideId "649090"]
[WhiteTitle "FM"]
[WhiteElo "2303"]
[BlackElo "2050"]
[WhiteTeam "SUI"]
[BlackTeam "FRA"]
[WhiteClock "0:50:47"]
[BlackClock "0:26:07"]
[Variant "Standard"]

1. e4 {[%clk 1:40:55]}  c5 {[%clk 1:40:51]} 2. Nf3 {[%clk 1:41:19]}  d6 {[%clk 1:41:14]} 3. d4 {[%clk 1:41:44]}  cxd4 {[%clk 1:41:38]} 4. Nxd4 {[%clk 1:42:08]}  Nf6 {[%clk 1:42:00]} 5. Nc3 {[%clk 1:42:31]}  a6 {[%clk 1:41:45]} 6. f3 {[%clk 1:42:44]}  e6 {[%clk 1:39:31]} 7. g4 {[%clk 1:42:58]}  b5 {[%clk 1:39:36]} 8. g5 {[%clk 1:42:20]}  Nfd7 {[%clk 1:39:59]} 9. Be3 {[%clk 1:40:14]}  Nb6 {[%clk 1:37:39]} 10. a3 {[%clk 1:35:33]}  N8d7 {[%clk 1:36:47]} 11. h4 {[%clk 1:33:38]}  Bb7 {[%clk 1:36:39]} 12. Qd2 {[%clk 1:23:11]}  Ne5 {[%clk 1:32:09]} 13. b3 {[%clk 1:21:51]}  Rc8 {[%clk 1:31:12]} 14. f4 {[%clk 1:07:55]}  Ng4 {[%clk 1:02:57]} 15. Bg1 {[%clk 1:06:11]}  Qc7 {[%clk 0:58:05]} 16. Rh3 {[%clk 1:03:52]}  b4 {[%clk 0:56:20]} 17. axb4 {[%clk 1:01:44]}  d5 {[%clk 0:54:17]} 18. b5 {[%clk 0:55:59]}  dxe4 {[%clk 0:47:06]} 19. bxa6 {[%clk 0:54:00]}  e3 {[%clk 0:45:05]} 20. Bxe3 {[%clk 0:53:26]}  Bb4 {[%clk 0:43:31]} 21. Ndb5 {[%clk 0:52:37]}  Qxc3 {[%clk 0:36:57]} 22. Nxc3 {[%clk 0:40:29]}  Nxe3 {[%clk 0:26:55]} 23. axb7 {[%clk 0:50:22]}  Rxc3 {[%clk 0:26:41]} 24. b8=Q+ {[%clk 0:49:52]}  Rc8 {[%clk 0:26:07]} 25. Bb5+ {[%clk 0:50:47]} 1-0

[Event "Masters Tournament (MTO)"]
[Site "Biel, CH"]
[Date "2025.07.15"]
[Round "2"]
[White "Doluhanova, Evgeniya"]
[Black "Zhang, Haoxuan"]
[Result "1-0"]
[Board "26"]
[WhiteFideId "14112035"]
[BlackFideId "8641552"]
[WhiteTitle "WGM"]
[WhiteElo "2256"]
[BlackElo "1979"]
[WhiteTeam "UKR"]
[BlackTeam "CHN"]
[WhiteClock "0:34:47"]
[BlackClock "0:01:29"]
[Variant "Standard"]

1. d4 {[%clk 1:40:59]}  Nf6 {[%clk 1:40:30]} 2. c3 {[%clk 1:41:17]}  d5 {[%clk 1:39:21]} 3. Bg5 {[%clk 1:41:15]}  c6 {[%clk 1:38:31]} 4. Qc2 {[%clk 1:41:24]}  g6 {[%clk 1:38:26]} 5. Nd2 {[%clk 1:38:06]}  Bg7 {[%clk 1:37:26]} 6. e3 {[%clk 1:38:09]}  O-O {[%clk 1:37:06]} 7. h4 {[%clk 1:37:02]}  Nbd7 {[%clk 1:35:21]} 8. Ngf3 {[%clk 1:36:58]}  Re8 {[%clk 1:33:13]} 9. Bd3 {[%clk 1:35:44]}  h6 {[%clk 1:27:49]} 10. h5 {[%clk 1:30:16]}  gxh5 {[%clk 1:15:41]} 11. Bf4 {[%clk 1:25:26]}  Nf8 {[%clk 1:10:41]} 12. Ne5 {[%clk 1:25:40]}  Ne6 {[%clk 0:59:39]} 13. O-O-O {[%clk 1:23:39]}  Nxf4 {[%clk 0:59:44]} 14. exf4 {[%clk 1:24:04]}  Qd6 {[%clk 0:52:30]} 15. Rde1 {[%clk 1:18:23]}  Rf8 {[%clk 0:46:14]} 16. f3 {[%clk 1:15:17]}  b6 {[%clk 0:41:39]} 17. g4 {[%clk 0:45:45]}  hxg4 {[%clk 0:32:53]} 18. Reg1 {[%clk 0:44:50]}  g3 {[%clk 0:25:40]} 19. Rxg3 {[%clk 0:44:53]}  Ne8 {[%clk 0:24:17]} 20. Nf1 {[%clk 0:40:41]}  Qf6 {[%clk 0:20:49]} 21. f5 {[%clk 0:39:10]}  Kh8 {[%clk 0:12:49]} 22. Ne3 {[%clk 0:39:34]}  Qd6 {[%clk 0:10:31]} 23. Qg2 {[%clk 0:37:52]}  a5 {[%clk 0:04:22]} 24. N3g4 {[%clk 0:34:52]}  Ba6 {[%clk 0:03:26]} 25. Bxa6 {[%clk 0:34:52]}  Rxa6 {[%clk 0:03:36]} 26. f6 {[%clk 0:34:31]}  Nxf6 {[%clk 0:01:39]} 27. Nxh6 {[%clk 0:34:45]}  Nh5 {[%clk 0:01:29]} 28. Nhxf7+ {[%clk 0:34:47]} 1-0